Detalles MARC
| 000 -LIDER |
| fixed length control field |
02063nam a2200373 a 4500 |
| 001 - NÚMERO DE CONTROL |
| Identificador de número de control |
000365 |
| 003 - IDENTIFICACDOR DE NÚMERO DE CONTROL |
| control field |
DO-SdBNP |
| 005 - DATE AND TIME OF LATEST TRANSACTION |
| control field |
20180309110940.0 |
| 007 - CAMPOS FIJOS DE DESCRIPCIÓN FÍSICA |
| fixed length control field |
000365 |
| 008 - ELEMENTOS DE LONGITUD FIJA |
| fixed length control field |
150130s2012 dr ac 000 0 spa d |
| 020 ## - ISBN |
| International Standard Book Number |
9789945116533 (v. 2) |
| 020 ## - ISBN |
| International Standard Book Number |
9789945117998 (v. 4) |
| 040 ## - FUENTE DE CATALOGACIÓN |
| Agencia que crea de manera original el registro |
BPMSU |
| Idioma de catalogación |
spa |
| Agencia que realiza la transcripción |
BPMSU |
| 092 ## - LOCALLY ASSIGNED DEWEY DECIMAL CALL NUMBER |
| Número de clasificación |
372.257 |
| Número de ítem (Cutter) |
N285e, 8vo. 2012 |
| 245 00 - MENCIÓN DE TITULO |
| Título |
Naturaleza 8 : |
| Subtítulo |
educación básica / |
| Mención de responsabilidad |
Ángela Segura ... [et al.] ; dirección editorial Obdulia García de Escobar |
| 260 ## - PUBLICACIÓN, DISTRIBUCIÓN, ETC. (PIE DE IMPRENTA) |
| Lugar de publicación, distribución, etc |
Santo Domingo : |
| Nombre del editor, distribuidor, etc. |
Santillana, |
| Fecha de publicación, distribución, etc |
2012. |
| 300 ## - DESCRIPCIÓN FÍSICA |
| Extensión |
v. : |
| Otros detalles físicos |
il. retrs. ; |
| Dimensiones |
28 cm. |
| 490 1# - MENCIÓN DE SERIES |
| Mención de serie |
Innova |
| 500 ## - NOTA GENERAL |
| Nota general |
La biblioteca solamente posee la guía y el cuaderno de experimentos |
| 505 ## - NOTA DE CONTENIDO |
| Información miscelánea |
v. 1 |
| Título |
El método científico -- |
| -- |
Salud y enfermedad -- |
| -- |
El enlace químico -- |
| -- |
La nomenclatura química -- |
| -- |
Reacciones químicas -- |
| -- |
El movimiento de los cuerpos -- |
| -- |
Las fuerzas y sus leyes -- |
| -- |
Trabajo y energía -- |
| -- |
La luz y sus fenómenos -- |
| -- |
Electricidad y magnetismo -- |
| -- |
La tecnología en la vida -- |
| -- |
Nociones de pecuaria -- |
| 505 ## - NOTA DE CONTENIDO |
| Información miscelánea |
v. 2 |
| Título |
Probar una hipótesis -- |
| -- |
Experimentación -- |
| -- |
Los electrolitos -- |
| -- |
Formación de óxidos -- |
| -- |
Reacciones químicas -- |
| -- |
La ley de Lavoisier I -- |
| -- |
La ley de Lavoisier II -- |
| -- |
La ley de Proust -- |
| -- |
Velocidades de un móvil -- |
| -- |
Aceleración de la gravedad -- |
| -- |
El peso de los cuerpos -- |
| -- |
Segunda ley de Newton -- |
| -- |
Principio trabajo-energía -- |
| -- |
Conservación de la energía mecánica -- |
| -- |
El calidoscopio -- |
| -- |
Veleta de luz -- |
| -- |
Electricidad estática -- |
| -- |
Circuitos en serie y paralelo -- |
| 650 #4 - ENCABEZAMIENTO DE MATERIA--TEMÁTICO |
| Término temático o nombre geográfico como elemento de entrada |
CIENCIAS NATURALES |
| Subdivisión temática general |
ENSEÑANZA BÁSICA |
| 650 #4 - ENCABEZAMIENTO DE MATERIA--TEMÁTICO |
| Término temático o nombre geográfico como elemento de entrada |
CIENCIAS NATURALES |
| Subdivisión temática general |
EDUCACIÓN PRIMARIA |
| 650 #4 - ENCABEZAMIENTO DE MATERIA--TEMÁTICO |
| Término temático o nombre geográfico como elemento de entrada |
EDUCACIÓN PRIMARIA |
| Subdivisión geográfica |
REPÚBLICA DOMINICANA |
| 650 #4 - ENCABEZAMIENTO DE MATERIA--TEMÁTICO |
| Término temático o nombre geográfico como elemento de entrada |
CIENCIAS NATURALES |
| Subdivisión temática general |
LIBROS DE TEXTOS |
| 650 #4 - ENCABEZAMIENTO DE MATERIA--TEMÁTICO |
| Término temático o nombre geográfico como elemento de entrada |
CIENCIAS NATURALES |
| Subdivisión temática general |
ESTUDIOS Y EJERCICIOS |
| 700 12 - ASIENTO SECUNDARIO -- NOMBRE PERSONAL |
| Nombre personal |
Segura, Ángela |
| 700 12 - ASIENTO SECUNDARIO -- NOMBRE PERSONAL |
| Nombre personal |
García de Escobar, Obdulia |
| Mención de responsabilidad |
ed. |
| 830 #0 - ASIENTO SECUNDARIO DE SERIE--TÍTULO UNIFORME |
| Título uniforme |
Innova |
| 910 ## - VALIDACIÓN |
| Validación |
Validado. Control de calidad MFF |
| 942 ## - ADDED ENTRY ELEMENTS (KOHA) |
| Source of classification or shelving scheme |
Dewey Decimal Classification |
| Koha item type |
Libros |
| 945 ## - INFORMACIÓN DE PROCESAMIENTO LOCAL |
| Información de procesamiento local |
Remanejado para BNPHU / 2018 BT |
| 956 ## - LOCAL ELECTRONIC LOCATION AND ACCESS (OCLC) |
| Nombre de host |
YLOCKWARD |
| Número de acceso |
10 |